Geography Quiz

Random Geography or City Quiz

State By Three Word City Quiz Stats

 Plays Quiz not verified by Sporcle

Support Sporcle.
Go Orange.
Score 0/17 Timer 04:00
0 Plays Today
Hint Answer % Correct
Salt Lake CityUtah
96.5%
Panama City BeachFlorida
93%
North Myrtle BeachSouth Carolina
86%
San Luis ObispoCalifornia
84.9%
Sault Ste. MarieMichigan
81.4%
East St. LouisIllinois
80.8%
Fond du LacWisconsin
77.8%
South Lake TahoeCalifornia
77.3%
Truth or ConsequencesNew Mexico
74.4%
Hint Answer % Correct
Lake Havasu CityArizona
71.5%
East Grand ForksMinnesota
61.6%
Egg Harbor CityNew Jersey
49.4%
Havre de GraceMaryland
41.3%
Prairie du ChienWisconsin
40.1%
White Sulfur SpringsWest Virginia
29%
Lava Hot SpringsIdaho
26.2%
El Dorado SpringsMissouri
18.6%

You're not logged in!

Compare scores with friends on all Sporcle quizzes.
OR
Log In

From the Vault

Most Top 10 Hits by Decade

by jmsr525

These artists were our favorites over and over.
Remove Ads.
Support Sporcle.
Get the best of Sporcle when you Go Orange. This ad-free experience offers more features, more stats, and more fun while also helping to support Sporcle. Thank you for becoming a member.

Show Comments

Extras

Top Quizzes Today


Score Distribution

Your Account Isn't Verified!

In order to create a playlist on Sporcle, you need to verify the email address you used during registration. Go to your Sporcle Settings to finish the process.

Report this User

Report this user for behavior that violates our Community Guidelines.

Details: